[Event "ch-Panamerican U20 Girls"]
[Site "Cali COL"]
[Date "2008.06.15"]
[Round "9"]
[White "Rodriguez,So COL"]
[Black "Aliaga Fernandez,I"]
[Result "0-1"]
[WhiteElo "1998"]
[BlackElo "2097"]

1.e4 c5 2.Nf3 d6 3.d4 cxd4 4.Nxd4 Nf6 5.Nc3 a6 6.f3 e6 7.Be3 b5 8.Qd2 Bb7
9.g4 Nfd7 10.Nb3 Nc6 11.g5 Rc8 12.h4 Nce5 13.Be2 Nb6 14.Bxb6 Qxb6 15.O-O-O b4
16.Nb1 Be7 17.a3 bxa3 18.Nxa3 Qxb3 19.Kb1 Qb6 20.Rhf1 d5 21.Ka2 Bxa3 22.bxa3 Qc5
23.Rc1 O-O 24.h5 dxe4 25.fxe4 Bxe4 26.Bd3 Nxd3 27.cxd3 Bd5+ 28.Kb2 Rb8+ 29.Qb4 Rxb4+
30.axb4 Qxb4+ 31.Kc2 Bb3+ 32.Kb2 Qd2+ 33.Kxb3 Rb8+ 34.Kc4  0-1

[Event "ch-Panamerican U20 Girls"]
[Site "Cali COL"]
[Date "2008.06.15"]
[Round "9"]
[White "Castrillon Gomez,M"]
[Black "Rivera,I"]
[Result "0-1"]
[WhiteElo "1946"]
[BlackElo "2144"]

1.e4 c5 2.Nf3 d6 3.d4 cxd4 4.Nxd4 Nf6 5.Nc3 a6 6.f3 e5 7.Nb3 Be6 8.Be3 Be7
9.Qd2 O-O 10.g4 d5 11.g5 d4 12.gxf6 Bxf6 13.O-O-O dxe3 14.Qxe3 Bg5 15.Rxd8 Bxe3+
16.Rd2 Bxb3 17.axb3 Nc6 18.Nd5 Bxd2+ 19.Kxd2 g6 20.c3 f5 21.Bd3 Rad8 22.Ke3 Kh8
23.h4 Rd6 24.h5 f4+ 25.Ke2 Rg8 26.Bc4 b5 27.Bd3 gxh5 28.Rxh5 Rg2+ 29.Kd1 Rxb2
30.Bc2 b4 31.Kc1 bxc3 32.Nxc3 Rxc2+ 33.Kxc2 Nd4+ 34.Kd3 Nxf3+ 35.Nd5 Kg7
36.Kc4 Kg6 37.Rf5 Nd2+ 38.Kd3 Rxd5+  0-1

[Event "8th TCh-Euro U18 Girls"]
[Site "Szeged HUN"]
[Date "2008.06.16"]
[Round "3"]
[White "Uta,Ad"]
[Black "Bucar,N"]
[Result "1-0"]
[WhiteElo "1976"]
[BlackElo "1800"]

1.e4 c5 2.Nf3 d6 3.d4 cxd4 4.Nxd4 Nf6 5.Nc3 a6 6.f3 e5 7.Nb3 Be6 8.Be3 Be7
9.Qd2 O-O 10.O-O-O Nbd7 11.g4 b5 12.g5 b4 13.Nd5 Nxd5 14.exd5 Bf5 15.Qxb4 Bxg5
16.Bxg5 Qxg5+ 17.Kb1 Rfc8 18.Bd3 Bxd3 19.Rxd3 Qg2 20.Rhd1 Nc5 21.Nxc5 Rxc5
22.Rc3 Rxc3 23.Qxc3 Qxh2 24.Qc6 Rd8 25.Qxa6 f5 26.Qb6 Qh4 27.Rg1 Qf6 28.a4 Qf8
29.a5 Rb8 30.Qa7 g6 31.Rh1 h6 32.Rxh6 Rxb2+ 33.Kxb2 Qxh6 34.Qb8+ Kh7 35.Qc7+ Kg8
36.a6 Qd2 37.Qb8+ Kh7 38.a7 Qd4+ 39.c3 Qd2+ 40.Kb3 Qxd5+ 41.c4 Qd3+ 42.Kb4 Qb1+
43.Ka5 Qa2+ 44.Kb6 Qb3+ 45.Kc6 Qxc4+ 46.Kxd6 Qd4+ 47.Ke6 Qc4+ 48.Kf6 Qh4+
49.Kxe5 Qe7+ 50.Kd5 Qd7+ 51.Kc5 Qe7+ 52.Kc6 Qe6+ 53.Qd6 Qc4+ 54.Kb7 Qb3+
55.Qb6 Qd5+ 56.Qc6 Qb3+ 57.Kc7 Kh6 58.a8=Q Qf7+ 59.Qd7 Qc4+ 60.Qdc6 Qf4+
61.Qd6 Qg5 62.Qh2+ Kg7 63.Kd7  1-0

[Event "Copa Benito Roggio"]
[Site "Asuncion URU"]
[Date "2008.06.17"]
[Round "1"]
[White "Cubas,Jo"]
[Black "Brito,L"]
[Result "1/2-1/2"]
[WhiteElo "2430"]
[BlackElo "2352"]

1.e4 c5 2.Nf3 d6 3.d4 cxd4 4.Nxd4 Nf6 5.Nc3 a6 6.f3 e5 7.Nb3 Be6 8.Be3 h5
9.Qd2 Nbd7 10.O-O-O Rc8 11.Kb1 Be7 12.g3 Nb6 13.Na5 Qc7 14.f4 g6 15.Bd3 Nbd7
16.Nb3 b5 17.Rhe1 b4 18.Nd5 Bxd5 19.exd5 a5 20.Bb5 Kf8 21.f5 Kg7 22.fxg6 fxg6
23.Bg5 Ne4 24.Bh6+ Rxh6 25.Rxe4 Bg5 26.Qd3 Ra8 27.Qc4 Qd8 28.Qc6 Nf6 29.Rxe5 Rc8
30.Re7+ Kh8 31.Rde1 Rxc6 32.dxc6 Rh7 33.c7 Qxc7 34.Rxc7 Rxc7 35.Re6 Kg7 36.Rxd6 Re7
37.Rd1 Ng4 38.h4 Bf6 39.a4 bxa3 40.bxa3 Re3 41.Nxa5 Rxg3 42.Nc4 Ne3 43.Rd7+ Kh6
44.Nd6 Bxh4 45.Nf7+ Kg7 46.Ng5+ Kh6 47.Nf7+ Kg7 48.Ng5+  1/2-1/2

[Event "22th Open"]
[Site "Pula CRO"]
[Date "2008.06.21"]
[Round "1"]
[White "Fercec,N"]
[Black "Schnegg,D"]
[Result "0-1"]
[WhiteElo "2492"]
[BlackElo "2043"]

1.e4 c5 2.Nf3 d6 3.d4 cxd4 4.Nxd4 Nf6 5.Nc3 a6 6.f3 e6 7.Be3 Nbd7 8.g4 h6
9.Qd2 b5 10.O-O-O Bb7 11.h4 b4 12.Na4 Qa5 13.b3 Nc5 14.Bh3 Nxa4 15.bxa4 Qxa4
16.g5 Nd7 17.g6 Nc5 18.gxf7+ Kxf7 19.Kb1 Re8 20.Qg2 Be7 21.Rhg1 Bf6 22.Qg6+ Ke7
23.Bf4 Rd8 24.Bxe6 Nxe6 25.Nf5+ Kf8 26.Bxd6+ Rxd6 27.Nxd6 Qd7 28.Qf5  0-1

[Event "White Nights Open"]
[Site "St Petersburg RUS"]
[Date "2008.06.25"]
[Round "5"]
[White "Korchagina,V"]
[Black "Biriukov,O"]
[Result "1/2-1/2"]
[WhiteElo "2147"]
[BlackElo "2391"]

1.e4 c5 2.Nf3 d6 3.d4 cxd4 4.Nxd4 Nf6 5.Nc3 a6 6.f3 e6 7.Be3 b5 8.g4 h6 9.Qd2 Nbd7
10.O-O-O Bb7 11.Nce2 d5 12.exd5 Nxd5 13.Kb1 Ne5 14.Ng3 Nxf3 15.Nxf3 Nxe3
16.Bxb5+ axb5 17.Qxe3 Qa5 18.a3 b4 19.Qd4 Qd5 20.Rhe1 Qxd4 21.Nxd4 O-O-O
22.axb4 Bxb4 23.c3 Bc5 24.Nb3 Bb6 25.c4 Bf3 26.Rc1 Bxg4 27.c5 Bc7 28.Rc4 Bf3
29.Nd4 Bd5 30.Ra4 e5 31.Nb5 Bc6 32.Na7+ Kb7 33.Rb4+ Kxa7 34.Kc2 Bb7 35.Ra1+ Ba6
36.Rba4 Kb7 37.Rxa6 Bb8 38.Rb6+ Kc7 39.Nf5 Rd5 40.b4 Rhd8 41.Raa6 Kd7 42.Nxg7 Ke7
43.Nf5+ Kf8 44.Rxh6 Rd2+ 45.Kc3 Kg8 46.Ne7+ Kg7 47.Nf5+ Kg8 48.Ra1 Rg2 49.Ra8 e4
50.Rd6 Rf8 51.Rxb8 Rxb8 52.c6 Rg1 53.Nd4  1/2-1/2

[Event "IV Open"]
[Site "Sort ESP"]
[Date "2008.06.28"]
[Round "6"]
[White "Mamedov,Nid"]
[Black "Nitin,S"]
[Result "1-0"]
[WhiteElo "2577"]
[BlackElo "2296"]

1.e4 c5 2.Nf3 d6 3.d4 cxd4 4.Nxd4 Nf6 5.Nc3 a6 6.f3 e5 7.Nb3 Be6 8.Be3 Nbd7
9.g4 Nb6 10.g5 Nh5 11.Qd2 Be7 12.O-O-O O-O 13.Kb1 Rc8 14.Rg1 g6 15.Qf2 Nc4
16.Bxc4 Bxc4 17.Qg2 b5 18.Nd5 Bxd5 19.Rxd5 f5 20.gxf6 Rxf6 21.Rgd1 Qc7 22.R5d3 Qd7
23.Nc1 Rcf8 24.Bh6 R8f7 25.Ne2 Re6 26.Bd2 Bd8 27.a3 Rf8 28.Be3 Rf7 29.Nc3 Rg7
30.Qd2 Be7 31.Nd5 Bf8 32.Bg5 Rf7 33.Qa5 Qb7 34.Rc3 Re8 35.Rdd3 h6 36.Bc1 Ra8
37.Rc7 Rxc7 38.Nxc7 Ra7 39.Nd5 Qf7 40.Rc3 Nf6 41.Rc8 Kh7 42.Be3 Rd7 43.Nb6 Ra7
44.Na8 Re7 45.Qxa6 Nh5 46.Qxd6 Qxf3 47.Bc1 Ng7 48.Nc7 Re8 49.Qd7 Rxc8 50.Qxc8 b4
51.axb4 Bxb4 52.Qb7 Bf8 53.Ne6 Qf6 54.Nxf8+ Qxf8 55.Qd5 Qf6 56.b4 Ne6 57.Qd6  1-0

[Event "Duras GM Teplarny"]
[Site "Brno CZE"]
[Date "2008.06.29"]
[Round "4"]
[White "Macak,S"]
[Black "Bobras,P"]
[Result "0-1"]
[WhiteElo "2342"]
[BlackElo "2576"]

1.e4 c5 2.Nf3 d6 3.d4 cxd4 4.Nxd4 Nf6 5.Nc3 a6 6.f3 e5 7.Nb3 Be6 8.Be3 Be7
9.Qd2 O-O 10.O-O-O Nbd7 11.g4 b5 12.g5 b4 13.Ne2 Ne8 14.f4 a5 15.f5 Bxb3
16.cxb3 a4 17.bxa4 Rxa4 18.b3 Ra5 19.Kb1 d5 20.exd5 Bc5 21.Bxc5 Nxc5 22.f6 Nd6
23.fxg7 Re8 24.Qxb4 Qa8 25.Nc1 Rb8 26.Qd2 Nxb3 27.Nxb3 Ne4 28.Bc4 Nxd2+ 29.Rxd2 Rb4
30.Rc1 Rc5 31.Rdc2 Qa4 32.d6 Rcxc4 33.d7 Rxb3+ 34.axb3 Qxb3+ 35.Rb2 Qd3+
36.Rcc2 Qd1+  0-1

[Event "XVII Burgas Open"]
[Site "Ourense ESP"]
[Date "2008.07.04"]
[Round "2"]
[White "Alonso Macias,V"]
[Black "Paredes Sanchez,J"]
[Result "1-0"]
[WhiteElo "1977"]
[BlackElo "2231"]

1.e4 c5 2.Nf3 d6 3.d4 cxd4 4.Nxd4 Nf6 5.Nc3 a6 6.f3 e5 7.Nb3 Be6 8.Be3 Nbd7
9.Qd2 b5 10.Bd3 Be7 11.g4 Nb6 12.Na5 Rc8 13.g5 Nh5 14.a4 b4 15.Ne2 d5 16.Bxa6 d4
17.Nxd4 exd4 18.Qxd4 Nd7 19.Nb7 Qc7 20.Nd6+ Bxd6 21.Bxc8 Be7 22.Bxd7+ Bxd7
23.a5 O-O 24.a6 Bb5 25.Qd5 Bc6 26.Qc4 Rc8 27.a7 Qd7 28.O-O Ba8 29.Qd3 Qh3
30.c3 Rd8 31.Qe2 b3 32.Rfd1 Rc8 33.Rd2 f5 34.Qg2 Qxg2+ 35.Kxg2 fxe4 36.fxe4 Bxe4+
37.Kg1 Kf7 38.Ra5 Ba8 39.Rb5 Rc4 40.Rxb3 Bc5 41.Bxc5 Rxc5 42.Rb8 Rxg5+ 43.Kf1 Rf5+
44.Rf2  1-0

[Event "7th Open"]
[Site "La Fere FRA"]
[Date "2008.07.09"]
[Round "6"]
[White "Konguvel,P"]
[Black "Eeckhout,J"]
[Result "1-0"]
[WhiteElo "2415"]
[BlackElo "1771"]

1.e4 c5 2.Nf3 d6 3.d4 cxd4 4.Nxd4 Nf6 5.Nc3 a6 6.f3 e5 7.Nb3 Be6 8.Be3 Be7
9.Qd2 O-O 10.O-O-O b5 11.g4 Qc7 12.Kb1 Rd8 13.g5 Nfd7 14.Nd5 Bxd5 15.exd5 Nb6
16.Na5 Nc4 17.Bxc4 bxc4 18.Qb4 Rc8 19.Bb6 Qd7 20.Nxc4 Qb5 21.Qxb5 axb5 22.Na3 b4
23.Nb5 Na6 24.Be3 Nc5 25.c4 bxc3 26.Nxc3 Ra5 27.Bxc5 Raxc5 28.Ne4 R5c7 29.Rc1 f5
30.gxf6 gxf6 31.Rxc7 Rxc7 32.Rc1 Rxc1+ 33.Kxc1 f5 34.Ng3 Bg5+ 35.Kd1 Bf4
36.a4 Bxg3 37.hxg3 Kf8 38.a5  1-0

[Event "Kings Gambit B"]
[Site "Lipetsk RUS"]
[Date "2008.07.09"]
[Round "1"]
[White "Airapetian,G"]
[Black "Morev,I"]
[Result "0-1"]
[WhiteElo "2351"]
[BlackElo "2219"]

1.e4 c5 2.Nf3 d6 3.d4 cxd4 4.Nxd4 Nf6 5.Nc3 a6 6.f3 e6 7.Be3 b5 8.Qd2 Bb7
9.g4 h6 10.O-O-O Nbd7 11.Kb1 b4 12.Na4 Qa5 13.b3 Nc5 14.a3 Nxa4 15.axb4 Qc7
16.bxa4 d5 17.e5 Nd7 18.f4 Nb6 19.Nb3 Nc4 20.Bxc4 dxc4 21.Bb6 Qc8 22.Rhe1 cxb3
23.cxb3 Bd5 24.Rc1 Qb8 25.Qd4 Be7 26.f5 Bg5 27.Rc7 O-O 28.f6 gxf6 29.Qf2 fxe5
30.Rxe5 Bd8 31.Rh5 Bxc7 32.Qf6 Be4+ 33.Ka2 Be5 34.Rxe5 Qxb6 35.g5 Qe3 36.gxh6 Qd2+  0-1

[Event "Kings Gambit B"]
[Site "Lipetsk RUS"]
[Date "2008.07.10"]
[Round "2"]
[White "Morev,I"]
[Black "Chulivska,V"]
[Result "0-1"]
[WhiteElo "2219"]
[BlackElo "2238"]

1.e4 c5 2.Nf3 d6 3.d4 cxd4 4.Nxd4 Nf6 5.Nc3 a6 6.f3 e6 7.Be3 b5 8.Qd2 Nbd7
9.O-O-O Bb7 10.g4 Nb6 11.Qf2 Nfd7 12.Bd3 Rc8 13.Nce2 Na4 14.Kb1 Nac5 15.Ng3 Nxd3
16.cxd3 Be7 17.f4 O-O 18.g5 Nc5 19.h4 f6 20.b4 e5 21.bxc5 exd4 22.Bxd4 dxc5
23.Bb2 Qc7 24.Nf5 c4 25.Nxe7+ Qxe7 26.gxf6 gxf6 27.Rhg1+ Kh8 28.Bd4 cxd3
29.e5 Rc2  0-1

[Event "XVII Burgas Open"]
[Site "Ourense ESP"]
[Date "2008.07.10"]
[Round "8"]
[White "Otero Nogueira,B"]
[Black "Paredes Sanchez,J"]
[Result "0-1"]
[WhiteElo "1917"]
[BlackElo "2231"]

1.e4 c5 2.Nc3 a6 3.Nf3 d6 4.d4 cxd4 5.Nxd4 Nf6 6.f3 e5 7.Nb3 Be6 8.Be3 Be7
9.Nd5 Nxd5 10.exd5 Bf5 11.Qd2 Nd7 12.O-O-O Rc8 13.Bd3 Bxd3 14.Qxd3 Bg5 15.f4 exf4
16.Bd4 O-O 17.h4 Bh6 18.Kb1 Qc7 19.g4 fxg3 20.c3 Rfe8 21.Qxg3 Ne5 22.Nd2 Bxd2
23.Rxd2 f6 24.h5 Qf7 25.Rg1 Rc7 26.Qg2 Qxh5 27.Ka1 Nf3 28.Rh1 Nxd2  0-1

[Event "5th Sth Wales Int"]
[Site "Trefforst WLS"]
[Date "2008.07.10"]
[Round "8"]
[White "Hurn,R"]
[Black "Waterfield,J"]
[Result "1/2-1/2"]
[WhiteElo "1907"]
[BlackElo "2035"]

1.e4 c5 2.Nf3 d6 3.d4 cxd4 4.Nxd4 Nf6 5.Nc3 a6 6.f3 e5 7.Nb3 Be6 8.Be3 Nbd7
9.Qd2 b5 10.O-O-O Nb6 11.Qf2 Nc4 12.Bxc4 bxc4 13.Na5 Rc8 14.Bb6 Qd7 15.g3 Be7
16.Rd2 O-O 17.Rhd1 Rc7 18.g4 Qc8 19.Nd5 Bxd5 20.exd5 Nd7 21.Bxc7  1/2-1/2

[Event "Kings Gambit B"]
[Site "Lipetsk RUS"]
[Date "2008.07.11"]
[Round "3"]
[White "Airapetian,G"]
[Black "Nikitin,Y2"]
[Result "1-0"]
[WhiteElo "2351"]
[BlackElo "2264"]

1.e4 c5 2.Nf3 d6 3.d4 cxd4 4.Nxd4 Nf6 5.Nc3 a6 6.f3 e6 7.Be3 b5 8.Qd2 Nbd7
9.g4 Nb6 10.Qf2 Nfd7 11.f4 Bb7 12.f5 Be7 13.fxe6 Bh4 14.exf7+ Kf8 15.Ne6+ Ke7
16.Bg5+ Nf6 17.Bxh4 Kxe6 18.g5  1-0

[Event "XXIII Tadeusz Gniota Mem"]
[Site "Police POL"]
[Date "2008.07.12"]
[Round "4"]
[White "Gosciniak,M"]
[Black "Oleniak,W"]
[Result "1-0"]
[WhiteElo "2096"]
[BlackElo "1890"]

1.e4 c5 2.Nf3 d6 3.d4 cxd4 4.Nxd4 Nf6 5.Nc3 a6 6.f3 e6 7.Be3 Be7 8.Qd2 Nc6
9.O-O-O Qc7 10.g4 O-O 11.g5 Nd7 12.h4 b5 13.Nxc6 Qxc6 14.Ne2 Ne5 15.Nd4 Qc7
16.h5 Nc6 17.Bd3 Ne5 18.Rdg1 Nc4 19.Bxc4 bxc4 20.c3 Rb8 21.g6 e5 22.Nf5 Bxf5
23.exf5 Qd7 24.gxh7+ Kxh7 25.Qc2 Bf6 26.h6  1-0

[Event "Inautomarket Open"]
[Site "Minsk BLR"]
[Date "2008.07.16"]
[Round "7"]
[White "Fedorov,Alex"]
[Black "Loginov,Va"]
[Result "1-0"]
[WhiteElo "2560"]
[BlackElo "2481"]

1.e4 c5 2.Nf3 d6 3.d4 cxd4 4.Nxd4 Nf6 5.Nc3 a6 6.f3 e5 7.Nb3 Be6 8.Be3 Nc6
9.Qe2 Be7 10.O-O-O Nd7 11.Nd5 Bxd5 12.exd5 Na5 13.Nd2 b5 14.f4 Rc8 15.Qg4 g6
16.f5 Nf6 17.Qf3 gxf5 18.Qxf5 Nxd5 19.Bh6 Qc7 20.Nb3 Nxb3+ 21.axb3 Bf8 22.Rxd5 Bxh6+
23.Kb1 Rg8 24.Qxh7 Rg6 25.Bd3 Rf6 26.Bf5 Rd8 27.g4 Ke7 28.h4 Qc6 29.Rhd1 Be3
30.g5 Rxf5 31.Qxf5 Bd4 32.Qe4  1-0

[Event "Kings Gambit B"]
[Site "Lipetsk RUS"]
[Date "2008.07.18"]
[Round "10"]
[White "Airapetian,G"]
[Black "Chulivska,V"]
[Result "1-0"]
[WhiteElo "2351"]
[BlackElo "2238"]

1.e4 c5 2.Nf3 d6 3.d4 cxd4 4.Nxd4 Nf6 5.Nc3 a6 6.f3 e6 7.Be3 b5 8.Qd2 Nbd7
9.g4 Nb6 10.Qf2 Nfd7 11.f4 Bb7 12.f5 exf5 13.Nxf5 g6 14.Bd4 Rg8 15.Ne3 Bh6
16.a3 Qe7 17.O-O-O O-O-O 18.Kb1 Bg7 19.Bxg7 Rxg7 20.Qg3 Nf6 21.g5 Nxe4 22.Nxe4 Bxe4
23.Bh3+ Kb7 24.Rhe1 d5 25.Bg2 f5 26.gxf6 Qxf6 27.Ng4 Qg5 28.h4 Qe7 29.Nf2 Qc7
30.Nxe4 dxe4 31.Bxe4+ Kc8 32.Rxd8+ Qxd8 33.Qe5 Qxh4 34.Bc6 Nd7 35.Qc3 Kd8
36.Qa5+  1-0

[Event "Ch-AY Boys U16"]
[Site "Tehran IRI"]
[Date "2008.07.19"]
[Round "6"]
[White "Shyam,SM"]
[Black "Nguyen Van Thanh"]
[Result "1-0"]
[WhiteElo "2312"]
[BlackElo "2194"]

1.e4 c5 2.Nf3 d6 3.d4 cxd4 4.Nxd4 Nf6 5.Nc3 a6 6.f3 e5 7.Nb3 Be6 8.Be3 h5
9.Qd2 Nbd7 10.Be2 Rc8 11.O-O Be7 12.Rad1 Qc7 13.Kh1 Kf8 14.Nd5 Bxd5 15.exd5 h4
16.c4 b6 17.Nc1 Kg8 18.b4 Qd8 19.Bd3 g6 20.Kg1 Nh5 21.Nb3 f5 22.c5 b5 23.Ra1 Kg7
24.cxd6 Bxd6 25.Nc5 Qe7 26.Ne6+ Kf7 27.a3 Ndf6 28.Bb1 Nf4 29.Nxf4 exf4 30.Bd4  1-0

[Event "2nd IRT 54th Aniv Martelli"]
[Site "Villa Martelli ARG"]
[Date "2008.07.21"]
[Round "6"]
[White "Franco,G"]
[Black "Rey,Fa"]
[Result "0-1"]
[WhiteElo "2044"]
[BlackElo "2113"]

1.e4 c5 2.Nf3 d6 3.d4 cxd4 4.Nxd4 Nf6 5.Nc3 a6 6.f3 e5 7.Nb3 Be6 8.Be3 Be7
9.Qd2 O-O 10.g4 d5 11.g5 d4 12.gxf6 Bxf6 13.Bf2 dxc3 14.Qxc3 Bh4 15.Qe3 Nc6
16.c3 Bg5 17.Qd3 Qf6 18.h4 Bf4 19.Qe2 Rfd8 20.Be3 Bg3+ 21.Bf2 Qf4 22.Bxg3 Qxg3+
23.Qf2 Qxf2+ 24.Kxf2 Bxb3 25.axb3 Rd2+ 26.Ke3 Rxb2 27.Bc4 Rc8 28.Rhd1 Rc7
29.Rd3 Kf8 30.Rad1 Ke7 31.Rg1 g6 32.h5 Na5 33.Bd5 Nxb3 34.hxg6 hxg6 35.Rh1 Kf6
36.f4 Nc5 37.fxe5+ Kxe5 38.Rd4 Ne6 39.Rc4 Rxc4 40.Bxc4 Rc2 41.Kd3 Rf2 42.Ke3 Rg2
43.Kf3 Rc2 44.Bd5 Rxc3+ 45.Kf2 Rc7  0-1

[Event "8th United Insurance"]
[Site "Dhaka BAN"]
[Date "2008.07.30"]
[Round "1"]
[White "Abdullah,AlS"]
[Black "Chatterjee,D"]
[Result "0-1"]
[WhiteElo "1961"]
[BlackElo "2231"]

1.e4 c5 2.Nf3 d6 3.d4 cxd4 4.Nxd4 Nf6 5.Nc3 a6 6.f3 e5 7.Nb3 Be6 8.Nd5 Nxd5
9.exd5 Bf5 10.Be3 Nd7 11.c4 Be7 12.Bd3 Bxd3 13.Qxd3 Bg5 14.O-O Bxe3+ 15.Qxe3 O-O
16.Nd2 a5 17.Ne4 Ra6 18.f4 h6 19.f5 Qb6 20.Qxb6 Rxb6 21.b3 Rc8 22.Kf2 Kf8
23.Ke3 Ke7 24.Rfc1 Nc5 25.Rab1 Nxe4 26.Kxe4 Kf6 27.h4 h5 28.Rc3 Rb4 29.a3 Rb6
30.g3 Ra6 31.a4 Rb6 32.Rb2 Rb4 33.Rbc2 Rc5 34.Ra2 b5 35.axb5 Rcxb5 36.Ra3 a4
37.Rxa4 Rxa4 38.bxa4 Rb4 39.Ra3 Rxc4+ 40.Kf3 Kxf5 41.a5 Rc7 42.a6 Ra7 43.Ra4 g5
44.hxg5 Kxg5 45.Rc4 Rxa6 46.Rc6 Ra3+ 47.Kf2 Rd3 48.Rxd6 Kf5 49.Rd7 f6 50.Rh7 Ke4
51.Rxh5 Rd2+ 52.Ke1 Rxd5 53.Ke2 Ra5 54.g4 Ra2+ 55.Kf1 Ra3 56.Ke2 Ra2+ 57.Kf1 Ra3
58.Ke2 Re3+ 59.Kd2 Rf3 60.Ke2 Rf4 61.Rh6 Kd4 62.Rg6 e4 63.g5 f5 64.Rg8 Rg4
65.g6 f4 66.g7 f3+  0-1

[Event "III Open"]
[Site "Oviedo ESP"]
[Date "2008.07.30"]
[Round "8"]
[White "Alonso Gorrin,J"]
[Black "Fernandez Cueto,R"]
[Result "0-1"]
[WhiteElo "1736"]
[BlackElo "1964"]

1.e4 c5 2.Nf3 d6 3.d4 cxd4 4.Nxd4 Nf6 5.Nc3 a6 6.f3 g6 7.Be3 Bg7 8.Bc4 O-O
9.Qd2 b5 10.Bb3 b4 11.Nd5 a5 12.O-O Ba6 13.Rfc1 e6 14.Nxf6+ Qxf6 15.c3 bxc3
16.Rxc3 Nd7 17.Rac1 Nc5 18.Bc4 Bxc4 19.Rxc4 Rab8 20.b3 Qh4 21.Nc6 Rb6 22.Qxd6 Rxc6
23.Qxc6 Nd3 24.Ra4 Be5 25.h3 Qg3 26.Kf1 Qh2 27.Rxa5 Qh1+ 28.Ke2 Nxc1+ 29.Qxc1 Qxg2+
30.Bf2 Bd4 31.Qf1 Qh2 32.Ra4 e5 33.Rc4 Rd8 34.Rc2 f5 35.Ke1 Bxf2+ 36.Rxf2 Qf4
37.Qc4+ Kh8 38.Qc6 Qe3+ 39.Kf1 Rd1+ 40.Kg2 Qg5+  0-1

[Event "13th Open"]
[Site "Creon FRA"]
[Date "2008.07.31"]
[Round "5"]
[White "Vervelle,S"]
[Black "Gillet,N"]
[Result "1-0"]
[WhiteElo "1843"]
[BlackElo "1654"]

1.e4 c5 2.Nf3 d6 3.d4 cxd4 4.Nxd4 Nf6 5.Nc3 a6 6.f3 e6 7.Be3 b5 8.Qd2 Bb7
9.g4 h6 10.h4 Nh7 11.O-O-O Nc6 12.g5 b4 13.Nce2 Nxd4 14.Nxd4 d5 15.g6 Bc5
16.Nxe6 Bxe3 17.Nxg7+ Kf8 18.Qxe3 Kxg7 19.gxh7  1-0

[Event "13th Open"]
[Site "Creon FRA"]
[Date "2008.07.31"]
[Round "5"]
[White "Galloux,M"]
[Black "Guliev,L"]
[Result "0-1"]
[WhiteElo "2041"]
[BlackElo "2436"]

1.e4 c5 2.Nf3 d6 3.d4 cxd4 4.Nxd4 Nf6 5.Nc3 a6 6.f3 e5 7.Nb3 Be7 8.Be3 O-O
9.Qd2 Qc7 10.O-O-O b5 11.g4 Be6 12.Rg1 b4 13.Nd5 Bxd5 14.exd5 a5 15.Kb1 a4
16.Nc1 Ra5 17.Qxb4 Nxd5 18.Qe1 Nxe3 19.Qxe3 Nc6 20.a3 d5 21.Nd3 Rb8 22.Ka2 Nd4
23.c3 Qc4+ 24.Kb1 Qxc3 25.Rc1 Rxb2+  0-1

[Event "GM Valoz Cup"]
[Site "Olomouc CZE"]
[Date "2008.07.31"]
[Round "2"]
[White "Smith,Ax"]
[Black "Luch,M"]
[Result "0-1"]
[WhiteElo "2427"]
[BlackElo "2412"]

1.e4 c5 2.Nf3 d6 3.d4 cxd4 4.Nxd4 Nf6 5.Nc3 a6 6.f3 e5 7.Nb3 Be6 8.Be3 Be7
9.Qd2 O-O 10.O-O-O Nbd7 11.g4 b5 12.g5 b4 13.Ne2 Ne8 14.f4 a5 15.f5 Bxb3
16.cxb3 a4 17.bxa4 Rxa4 18.b3 Ra3 19.Ng3 Qa5 20.Kb1 Nc7 21.Qc2 Ra8 22.Rd2 d5
23.Rg2 Nb5 24.Bxb5 Qxb5 25.Qe2 Qa5 26.Qc2 d4 27.Bc1 d3 28.Qxd3 Rxa2 29.Ne2 Ra1+
30.Kc2 Qa2+ 31.Kd1 Rxc1+ 32.Kxc1 Nc5 33.Qc4 Nxb3+ 34.Kd1 Qd2+  0-1

[Event "8th United Insurance"]
[Site "Dhaka BAN"]
[Date "2008.08.02"]
[Round "5"]
[White "Abdullah,AlS"]
[Black "Mohammad,Ali"]
[Result "1/2-1/2"]
[WhiteElo "1961"]
[BlackElo "2175"]

1.e4 c5 2.Nf3 d6 3.d4 Nf6 4.Nc3 cxd4 5.Nxd4 a6 6.f3 e5 7.Nb3 Be6 8.Nd5 Nbd7
9.c4 Rc8 10.Be3 Be7 11.Bd3 O-O 12.O-O b5 13.Nxe7+ Qxe7 14.cxb5 axb5 15.Bxb5 Rb8
16.a4 d5 17.Bxd7 Qxd7 18.Nc5 Qa7 19.Bf2 Rxb2 20.Nxe6 Rxf2 21.Rxf2 fxe6 22.Qe2 dxe4
23.Kh1 Nd5 24.Rff1 e3 25.Rfe1 Qa5 26.Qb5 Qd2 27.Qe2 Qa5 28.Qb5 Qxb5 29.axb5 Rb8
30.Rab1 Kf7 31.b6 Rb7 32.Rb3 Kf6 33.Kg1 Kf5 34.g3 g5 35.Kf1 e4 36.Ke2 exf3+
37.Kxf3 g4+ 38.Ke2 Ke4 39.Ra1 Rxb6 40.Ra4+ Kf5 41.Rxb6 Nxb6 42.Rf4+ Kg5 43.Re4 Kf5
44.Rf4+ Kg5 45.Re4 Kf5 46.Rf4+  1/2-1/2

[Event "Najdorf Memorial Open"]
[Site "Warsaw POL"]
[Date "2008.08.02"]
[Round "1"]
[White "Moskwinski,T"]
[Black "Bromberger,S"]
[Result "0-1"]
[WhiteElo "2161"]
[BlackElo "2490"]

1.e4 c5 2.Nf3 d6 3.d4 cxd4 4.Nxd4 Nf6 5.Nc3 a6 6.f3 e5 7.Nb3 Be6 8.Be3 Be7
9.Qd2 O-O 10.O-O-O a5 11.Kb1 a4 12.Nc1 Ra5 13.Qf2 Nbd7 14.g4 a3 15.b3 Qc7
16.Nb5 Qc6 17.c4 Rc8 18.Qd2 b6 19.Nxd6 Rd8 20.Nf5 Bxf5 21.gxf5 Raa8 22.Rg1 g6
23.Qc2 Bc5 24.Bf2 Bxf2 25.Qxf2 Nc5 26.Bd3 Rd4 27.Bc2 Rad8 28.Rxd4 Rxd4 29.fxg6 hxg6
30.Rd1 Rxd1 31.Bxd1 Qd6 32.Bc2 Nh5 33.Qe3 Nf4 34.Qc3 Qd4 35.Qxd4 exd4 36.b4 Na6
37.b5 Nc5 38.Nb3 Nxb3 39.Bxb3 Nd3 40.Bc2 Nc5 41.Kc1 Kg7 42.Kd2 Kh6 43.f4 g5
44.f5 f6 45.Bd1 Kg7 46.Bh5 Kf8 47.Ke2 Ke7 48.Kf3 Kd6 49.Bf7 Nd3 50.Be6 Ke5
51.Ke2  0-1

[Event "Najdorf Memorial Open"]
[Site "Warsaw POL"]
[Date "2008.08.03"]
[Round "2"]
[White "Jaskowski,T"]
[Black "Olejarczyk,B"]
[Result "0-1"]
[WhiteElo "2040"]
[BlackElo "2211"]

1.e4 c5 2.Nf3 d6 3.d4 cxd4 4.Nxd4 Nf6 5.Nc3 a6 6.f3 e5 7.Nb3 Be6 8.Be3 Nbd7
9.Qd2 h5 10.O-O-O Be7 11.Kb1 b5 12.Nd5 Bxd5 13.exd5 Nb6 14.Bxb6 Qxb6 15.Qa5 Bd8
16.Qd2 O-O 17.h4 a5 18.Nc1 Rc8 19.Bd3 b4 20.Be4 Rc4 21.Qe2 Qc7 22.Nd3 Be7
23.Nf2 Rc8 24.Bf5 Rb8 25.Ne4 a4 26.b3 Nxe4 27.Bxe4 Rc3 28.Rd3 Rc8 29.Rxc3 bxc3
30.Bf5 Qc5 31.Qa6 Rc7 32.Qxa4 Qxd5 33.Be4 Qc5 34.Rd1 g6 35.Bd5 Bxh4 36.b4 Qe3
37.b5 Qe2 38.Rh1 Be1 39.Bxf7+ Rxf7 40.Qa8+ Kg7 41.Qd5 Qd2 42.Qd3 Rf4 43.a3 Rd4
44.Qxd2 cxd2  0-1

[Event "GM Valoz Cup"]
[Site "Olomouc CZE"]
[Date "2008.08.07"]
[Round "9"]
[White "Smith,Ax"]
[Black "Erdogdu,M"]
[Result "1-0"]
[WhiteElo "2427"]
[BlackElo "2440"]

1.e4 c5 2.Nf3 d6 3.d4 cxd4 4.Nxd4 Nf6 5.Nc3 a6 6.f3 e6 7.Be3 b5 8.Qd2 Bb7
9.g4 Nfd7 10.O-O-O Nb6 11.Nb3 N8d7 12.Na5 Qc7 13.Bf4 Nc8 14.Nxb7 Qxb7 15.g5 Be7
16.h4 Ne5 17.Qg2 Nb6 18.h5 O-O 19.Qg3 b4 20.Ne2 Nec4 21.b3 Na3 22.h6 Rfc8
23.c3 g6 24.Bxd6 Nbc4 25.Bxe7 Qxe7 26.bxc4 Nxc4 27.Nd4 e5 28.Bxc4 Rxc4 29.Ne2 bxc3
30.Kc2 Qe8 31.Rd5 Qa4+ 32.Kd3 Re8 33.Ke3 c2 34.Rxe5 Rec8 35.Rd5 Qa3+ 36.Kf2 c1=Q
37.Rxc1 Rxc1 38.Qe5 Kf8 39.Nxc1 Qxc1 40.Qd6+  1-0

[Event "Najdorf Memorial Open"]
[Site "Warsaw POL"]
[Date "2008.08.07"]
[Round "6"]
[White "Przybylski,W"]
[Black "Matuszewski,M"]
[Result "1-0"]
[WhiteElo "2363"]
[BlackElo "2233"]

1.e4 c5 2.Nf3 d6 3.d4 cxd4 4.Nxd4 Nf6 5.Nc3 a6 6.f3 e5 7.Nb3 Be7 8.Be3 Be6
9.Qd2 O-O 10.O-O-O Nbd7 11.g4 b5 12.g5 b4 13.Ne2 Ne8 14.f4 a5 15.f5 Bxb3
16.cxb3 a4 17.bxa4 Rxa4 18.b3 Ra3 19.Kb1 Qa8 20.Nc1 Nc5 21.Bxc5 dxc5 22.f6 Bd6
23.Qg2 Qc6 24.Bc4 Nc7 25.g6 Ne8 26.fxg7 Nxg7 27.gxf7+  1-0

[Event "Najdorf Memorial Open"]
[Site "Warsaw POL"]
[Date "2008.08.09"]
[Round "8"]
[White "Gosciniak,M"]
[Black "Olejarczyk,B"]
[Result "1/2-1/2"]
[WhiteElo "2096"]
[BlackElo "2211"]

1.e4 c5 2.Nf3 d6 3.d4 cxd4 4.Nxd4 Nf6 5.Nc3 a6 6.f3 e5 7.Nb3 Be6 8.Be3 h5
9.Be2 Nbd7 10.O-O Be7 11.Qe1 Qc7 12.Rd1 b5 13.Rd2 Nb6 14.Qf2 Rb8 15.Bxb6 Rxb6
16.Nd5 Bxd5 17.exd5 Rb8 18.Kh1 O-O 19.Qe3 Nh7 20.f4 exf4 21.Qh3 g6 22.Bxh5 Bg5
23.Bf3 Rbe8 24.Nd4 Qc4 25.Rdd1 Bf6 26.b3 Qc5 27.Ne2 Be5 28.c3 Kg7 29.Qh4 Qe3
30.Qf2 Bxc3 31.Nxc3 Qxc3 32.Rc1 Qb4 33.Qb2+ Kg8 34.a3 Qa5 35.b4 Qd8 36.Qd4 Re3
37.Qxf4 Rxa3 38.Rc6 Ra4 39.Rxd6 Qb8 40.Qg3 Rxb4 41.Rxa6 Qxg3 42.hxg3 Rd8
43.Rd1 Ng5 44.d6 Ne4 45.Bxe4 Rxe4 46.Rb6 Re6 47.Kg1 b4 48.Rxb4 Rexd6 49.Rxd6 Rxd6
50.Rf4 Rd2 51.Kh2 Kg7 52.g4 Rd3 53.Rf2 g5 54.Rf1 Re3 55.Rf2 f6 56.Rf1 Kf7
57.Rf2 Ke6 58.Rf5 Re5 59.Rf3 Re1 60.Kg3 Re2 61.Ra3 Re4 62.Ra6+ Ke5  1/2-1/2

[Event "XXI Virxe Peregrina Open"]
[Site "Pontevedra ESP"]
[Date "2008.08.12"]
[Round "3"]
[White "Espineira Gonzalez,D"]
[Black "Ortiz Suarez,I"]
[Result "1-0"]
[WhiteElo "2267"]
[BlackElo "2392"]

1.e4 c5 2.Nf3 d6 3.d4 cxd4 4.Nxd4 Nf6 5.Nc3 a6 6.f3 e6 7.Be3 b5 8.Qd2 Nbd7
9.g4 h6 10.O-O-O Ne5 11.Bd3 Bb7 12.Rhe1 Be7 13.Kb1 b4 14.Na4 d5 15.exd5 Nxd5
16.f4 Nxg4 17.Nxe6 fxe6 18.Bg6+ Kf8 19.Bd4 Qd7 20.Nc5 Bxc5 21.Bxc5+ Kg8 22.Bxb4 Qc6
23.b3 a5 24.Bxa5 Qa6 25.c4 e5 26.f5 Qxa5 27.Qxa5 Rxa5 28.cxd5 Ra8 29.h3 Nf2
30.Rd2 Nxh3 31.Rxe5 Nf4 32.d6 Bc6 33.d7 Rd8 34.Rd6  1-0